| 000 | 01337nam a22002777a 4500 | ||
|---|---|---|---|
| 001 | 126846 | ||
| 003 | UA-OsUOA | ||
| 005 | 20260211092100.0 | ||
| 007 | ta | ||
| 008 | 20171110b un ||||| |||| 00| 0 ukr d | ||
| 020 | _a5770753951 | ||
| 040 |
_aUA-OsUOA _bukr _cUA-OsUOA _dUA-OsUOA |
||
| 041 | _aukr | ||
| 080 | _a821.161.2 | ||
| 090 |
_a821.161.2 _bС59 |
||
| 100 |
_aСоколовський О. _923073 |
||
| 245 |
_aБогун _bісторичний роман з часів Хмельниччини _cО. Соколовський |
||
| 260 |
_aК. _bУЦДК _c1996 |
||
| 300 | _a365 с. | ||
| 490 | _aУкраїнський історичний роман | ||
| 520 | _aОсновний фон роману - історичні події визвольної війни українського народу проти польсько - шляхетських колонізаторів 1648-1654 рр. Головну увагу письменник звертає на православного полковника Івана Богуна, його дії, військові операції, особисте життя. | ||
| 650 | 7 |
_a82 Література. Літературознавство _2UDC _915 |
|
| 942 |
_cBK _2udc |
||
| 955 | _a3 | ||
| 999 |
_c413987 _d413987 |
||